Maps in the service of the state : Roman cartography to the end of Augustan era

Bibliographic Details
Published in:The history of cartography, J.B. Harley and David Woodward, Chicago [etc.], P. 201-211
Main Author: Dilke, Oswald A.W.
Content type: Article
Published: 1987
Source:MPIPL_cat

MARC

LEADER 00000naa a2200000 u 4500
001 PL0053665
003 PLI01000000000000000053346
005 00000000000000.0
008 ||| u
100 1 |a Dilke, Oswald A.W. 
245 0 0 |a Maps in the service of the state  |b Roman cartography to the end of Augustan era  |c O.A.W Dilke 
260 |c 1987 
696 |a Dilke, Oswald Ashton Wentworth 
773 0 8 |t The history of cartography  |a J.B. Harley and David Woodward  |d Chicago [etc.]  |g P. 201-211  |w MPIPL_cat.PL0053653  |z 0-226-31633-5  |i In: 
952 |h P. 201-211 
996 |a Aufsatz 
997 |a book chapter